000 00852nam a2200253Ia 4500
003 OSt
005 20260226124734.0
008 210716s2011 xx 000 0 und d
020 _a9789350230664
040 _cAIMIT LIBRARY
041 _aeng
082 _a374.22
_21
_bGRAD
100 _aGray, Dave.
_9256820
245 _aGamestorming :
_bplaybook for innovators rulebreakers and changemakers /
_cBy Dave Gray, Sunni Brown and James Macanufo.
250 _a1st ed.
260 _aMumbai :
_bShroff Publishers and Distributors Pvt Ltd ,
_c2011.
300 _axvii,266,27p. ;
_bPB
_c23.2 cm
650 _aCore gamestorming skills
_9256821
650 _aGames for opening
_9256822
650 _aPutting gamestorming to work
_9256823
700 _aBrown, Sunni.
_9256824
700 _aMacanufo, James.
_9256825
942 _2ddc
_cBK
_e1st
_k374.22 GRAD
999 _c193444
_d193444